000 00431nam a2200181Ia 4500
005 20250603145017.0
008 250603s9999 xx 000 0 und d
020 _a9783030700799
050 _aTK 5105.8857 .H47/
100 _aHerrero, Rolando
245 0 _aFundamentals of IoT Communication Technologies
260 _aBoston
260 _bSpringer
260 _c2022
300 _a249 p
650 _aBoston
942 _cBK
999 _c40601
_d40601